Simancas: estudios de historia moderna

Wedi'i Gadw mewn:
Manylion Llyfryddiaeth
Prif Awdur: Pérez Villanueva, Joaquín (Awdur)
Fformat: Llyfr
Iaith:Sbaeneg
Cyhoeddwyd: Valladolid, España Consejo Superior de Estudios Científicos 1950
Pynciau:
Tagiau: Ychwanegu Tag
Dim Tagiau, Byddwch y cyntaf i dagio'r cofnod hwn!

MARC

LEADER 00000nam a2200000 a 4500
001 UCO0289
003 CL-VaPUC
005 20210604001510.0
008 000420e19500000SP |||||||||||||||||spa|d
999 |c 287002  |d 287000 
040 |c Pontificia Universidad Católica de Valparaíso 
082 0 4 |a 940.2 PER 1950  |2 21 
100 0 |a Pérez Villanueva, Joaquín  |e author  |9 441466 
245 1 0 |a Simancas:  |b  estudios de historia moderna 
260 |a Valladolid, España  |b Consejo Superior de Estudios Científicos  |c 1950 
300 |a volúmenes 
583 |a last modification  |c 20000420 00:00:00  |k Rodrigo Vera 
650 0 |a Historia de Europa  |y SIGLOS 18-19  |9 392003 
650 0 |a Historia moderna  |z EUROPA  |z ESPAÑA  |9 268036 
852 |a BIBCUR 
942 |c BK  |2 ddc 
945 |d 20000420 00:00:00  |a rherrera 
952 |0 0  |1 0  |2 ddc  |4 0  |6 940_200000000000000_PER_1950  |7 0  |8 A  |9 333373  |a BIBHIS  |b BIBHIS  |d 2019-11-20  |h v.1  |i 1264222  |o 940.2 PER 1950  |p 1264222  |r 2025-01-20  |t 1  |w 2019-11-20  |y BK  |k HIS 
952 |0 0  |1 0  |2 ddc  |4 0  |6 940_200000000000000_PER_1950  |7 0  |8 A  |9 333374  |a BIBHIS  |b BIBHIS  |d 2019-11-20  |h v.1  |i 1264230  |o 940.2 PER 1950  |p 1264230  |r 2025-01-20  |t 2  |w 2019-11-20  |y BK  |k HIS